000 00606nam a2200181 i 4500
001 76319
003 ES-MaACL
007 t|
008 040930s1929 fr ||||1| fre d
100 1 _aGueroult, Martial.
_960477
245 1 3 _aLa Philosophie transcendentale de Salomon Maimon /
_cpar M. Gueroult.
260 _aParis :
_bFélix Alcan,
_c1929 (
_eVendôme :
_fPresses Universitaires de France)
300 _a178 p. ;
_c23 cm.
490 1 _aBibliothèque de philosophie contemporaine
830 0 _aBibliothèque de philosophie contemporaine
_9181027
852 _aES-MaACL
_jB-5578
999 _c76319
_d76319